[Event "World Junior Open 2015"]
[Site "Khanty-Mansiysk RUS"]
[Date "2015.09.10"]
[Round "8.30"]
[White "Kirk, Ezra"]
[Black "O'Mahoney, Keegan"]
[Result "1-0"]
[WhiteTitle "FM"]
[WhiteElo "2315"]
[BlackElo "1788"]
[WhiteFideId "600067"]
[BlackFideId "2506190"]
[EventDate "2015.09.02"]

1. Nf3 Nf6 2. c4 g6 3. Nc3 d5 4. cxd5 Nxd5 5. h4 h5 6. e4 Nxc3 7. bxc3 Bg7 8.
Ba3 O-O 9. Bc4 Nd7 10. d4 c5 11. O-O Nb6 12. Bb3 cxd4 13. cxd4 Bg4 14. Qd3 a5
15. Rab1 a4 16. Bd1 Re8 17. Qb5 Nd7 18. Ng5 Bxd4 19. Bxg4 hxg4 20. Nxf7 Kxf7 21.
Qc4+ Kg7 22. Qxd4+ e5 23. Qd1 Nf6 24. Rxb7+ Kg8 25. Qc1 Qc8 26. Rc7 Qe6 27. Qh6
Nd7 28. Rd1 Rad8 29. Rd6 1-0

[Event "World Junior Open 2015"]
[Site "Khanty-Mansiysk RUS"]
[Date "2015.09.10"]
[Round "8.31"]
[White "Dias, Matheus Nunes"]
[Black "Chumak, Dmitrii"]
[Result "1/2-1/2"]
[WhiteElo "1699"]
[BlackElo "1808"]
[WhiteFideId "2136570"]
[BlackFideId "34106658"]
[EventDate "2015.09.02"]

1. d4 c6 2. c4 d5 3. Nc3 Nf6 4. cxd5 cxd5 5. Bf4 e6 6. e3 Bb4 7. Bd3 h6 8. Rc1
Nc6 9. Ne2 Nh5 10. Bb1 Nxf4 11. Nxf4 Bd6 12. Nd3 O-O 13. Qc2 g6 14. O-O e5 15.
dxe5 Bxe5 16. Nxe5 Nxe5 17. Rfd1 Be6 18. Qa4 Qb6 19. Qf4 Ng4 20. h3 g5 21. Qg3
Nf6 22. Qf3 Kg7 23. Na4 Qb5 24. b3 Rac8 25. Bd3 Qa5 26. Qe2 a6 27. Qb2 b5 28.
Nc5 Qb6 29. b4 Rfd8 30. Qd4 Rc6 31. Rc2 Rcd6 32. Rdc1 Bc8 33. a3 Be6 34. Be2 Bf5
35. Rc3 Bg6 36. Rd1 Kh7 37. Bd3 Ne4 38. Rcc1 Qb8 39. Rc2 Kg8 40. Rdc1 Nxc5 41.
Rxc5 Bxd3 42. Qxd3 Qb7 43. Rc7 Qb6 44. Qf5 Rf6 45. Qe5 d4 46. exd4 Qxd4 47. Qxd4
Rxd4 48. g3 Rd2 49. Rf1 Rf3 50. Rc6 Rxa3 51. Rxh6 Rb2 52. Rh5 f6 53. h4 gxh4 54.
Rxh4 Ra4 55. Rc1 Rbxb4 56. Rh5 Rc4 57. Rd1 b4 58. Rd7 b3 59. Rhh7 Re4 60. Rdg7+
Kf8 61. Rf7+ Ke8 62. Rc7 Kd8 63. Rcd7+ Kc8 64. Rc7+ Kd8 65. Rcd7+ Kc8 66. Rc7+
Kb8 67. Rb7+ Ka8 68. Ra7+ Kb8 1/2-1/2

[Event "World Junior Open 2015"]
[Site "Khanty-Mansiysk RUS"]
[Date "2015.09.11"]
[Round "9.1"]
[White "Duda, Jan-Krzysztof"]
[Black "Antipov, Mikhail Al."]
[Result "1/2-1/2"]
[WhiteTitle "GM"]
[BlackTitle "GM"]
[WhiteElo "2645"]
[BlackElo "2538"]
[WhiteFideId "1170546"]
[BlackFideId "4107012"]
[EventDate "2015.09.02"]

1. e4 c5 2. Nf3 d6 3. d4 cxd4 4. Nxd4 Nf6 5. Nc3 a6 6. Be2 e5 7. Nb3 Be7 8. Bg5
Be6 9. Bxf6 Bxf6 10. Qd3 Nc6 11. O-O-O Nd4 12. Nxd4 exd4 13. Nd5 Bxd5 14. exd5
O-O 15. Qf3 Re8 16. Bd3 Re5 17. Kb1 Qa5 18. g4 Qxd5 19. Qxd5 Rxd5 20. f4 Rc5 21.
g5 Bd8 22. Rhe1 Kf8 23. Re4 Bb6 24. Rxd4 Rxg5 25. Rxd6 Rg1 26. Bxh7 Rxd1+ 27.
Rxd1 Rd8 28. Bd3 Rd4 29. f5 Rg4 30. c3 Rg1 31. Bf1 Ke7 32. Kc2 Bc7 33. h3 Be5
34. a4 a5 35. Rd5 Bxc3 36. Kxc3 Rxf1 37. Rxa5 Kd6 38. b4 Rf3+ 39. Kc4 Rf4+ 40.
Kc3 1/2-1/2

[Event "World Junior Open 2015"]
[Site "Khanty-Mansiysk RUS"]
[Date "2015.09.11"]
[Round "9.2"]
[White "Bluebaum, Matthias"]
[Black "Bajarani, Ulvi"]
[Result "1/2-1/2"]
[WhiteTitle "GM"]
[BlackTitle "GM"]
[WhiteElo "2580"]
[BlackElo "2535"]
[WhiteFideId "24651516"]
[BlackFideId "13403028"]
[EventDate "2015.09.02"]

1. d4 e6 2. c4 f5 3. g3 Nf6 4. Bg2 d5 5. Nf3 c6 6. O-O Bd6 7. Qc2 O-O 8. Nc3 Ne4
9. Rb1 b6 10. b4 Bb7 11. Nxe4 fxe4 12. Ng5 Qe8 13. f3 h6 14. Nh3 exf3 15. Bxf3
Nd7 16. Bf4 e5 17. dxe5 Nxe5 18. cxd5 cxd5 19. Qd2 Nxf3+ 20. exf3 Qd7 21. Bxd6
Qxd6 22. Rbd1 a5 23. b5 Rac8 24. Nf4 Rc4 25. Qe2 Rfc8 26. Rd2 d4 27. Qe6+ Qxe6
28. Nxe6 Rc2 29. Rxd4 Re8 30. Rd6 Bc8 31. Nd4 Rxa2 32. g4 a4 33. Rf2 Rxf2 34.
Kxf2 a3 35. Nc2 a2 36. Rxb6 Bd7 37. Ra6 Re2+ 38. Kxe2 Bxb5+ 39. Kd2 Bxa6 40. Kc3
Be2 41. Kb2 Bxf3 42. g5 hxg5 43. Kxa2 Kf7 44. Kb2 Kg6 45. Kc3 Kh5 46. Kd2 Kg4
47. Ke3 Bd1 48. Nd4 Kh3 49. Ne6 g4 50. Nxg7 Kxh2 51. Nh5 1/2-1/2

[Event "World Junior Open 2015"]
[Site "Khanty-Mansiysk RUS"]
[Date "2015.09.11"]
[Round "9.3"]
[White "Abasov, Nijat"]
[Black "Bok, Benjamin"]
[Result "1-0"]
[WhiteTitle "GM"]
[BlackTitle "GM"]
[WhiteElo "2511"]
[BlackElo "2586"]
[WhiteFideId "13402960"]
[BlackFideId "1017063"]
[EventDate "2015.09.02"]

1. d4 d5 2. c4 e6 3. Nc3 c6 4. e4 dxe4 5. Nxe4 Bb4+ 6. Nc3 c5 7. a3 Ba5 8. Ne2
Bxc3+ 9. bxc3 Nf6 10. g3 Bd7 11. d5 exd5 12. cxd5 O-O 13. Bg2 Re8 14. c4 Qa5+
15. Qd2 Qa6 16. O-O Qxc4 17. Nf4 Bf5 18. Bb2 Nbd7 19. Rfe1 Qc2 20. Qxc2 Bxc2 21.
d6 Be4 22. Bxf6 Bxg2 23. Bxg7 Kxg7 24. Kxg2 Nf6 25. Red1 Rad8 26. Rab1 Rd7 27.
Nd5 Nxd5 28. Rxd5 b6 29. a4 Re6 30. Rbd1 Kf6 31. f4 Re2+ 32. Kf3 Rxh2 33. a5 Rb2
34. axb6 axb6 35. Rh5 Kg7 36. Ke4 c4 37. Rg5+ Kf8 38. Kd5 Ra2 39. Kc6 Raa7 40.
Kxb6 c3 41. Rc5 Ra8 42. Rxc3 Rb8+ 43. Ka6 Ke8 44. Rc6 Rdb7 45. Rc7 Rb3 46. Ka7
Kd8 47. Rxf7 R8b4 48. Ra1 h5 49. Rg7 Rd3 50. Ra6 Rbb3 51. f5 Rxg3 52. f6 Rxg7+
53. fxg7 Rg3 54. Kb6 1-0

[Event "World Junior Open 2015"]
[Site "Khanty-Mansiysk RUS"]
[Date "2015.09.11"]
[Round "9.4"]
[White "Rambaldi, Francesco"]
[Black "Akash, G"]
[Result "1/2-1/2"]
[WhiteTitle "IM"]
[BlackTitle "IM"]
[WhiteElo "2540"]
[BlackElo "2382"]
[WhiteFideId "20657307"]
[BlackFideId "5040299"]
[EventDate "2015.09.02"]

1. Nf3 Nf6 2. g3 g6 3. b3 Bg7 4. Bb2 O-O 5. Bg2 d5 6. O-O c6 7. c4 Bg4 8. d3
Nbd7 9. Nbd2 Re8 10. h3 Bxf3 11. Nxf3 e5 12. e3 e4 13. dxe4 dxe4 14. Nd2 h5 15.
Qc2 Qe7 16. Rad1 Rad8 17. Bxf6 Nxf6 18. Nxe4 Nxe4 19. Rxd8 Rxd8 20. Bxe4 Qd7 21.
Kg2 Qd2 22. Qb1 Qb2 23. Qxb2 Bxb2 24. b4 Ba3 25. b5 cxb5 26. cxb5 b6 27. Bc2 Rd5
28. Rb1 Rd2 29. Bb3 Kg7 30. Kf3 f6 31. Rg1 Kh6 32. Rf1 Kg7 33. g4 h4 34. Be6 Rd6
35. Bc4 Rd2 36. Rb1 Bb2 37. Rf1 Ba3 38. Bb3 Kh6 39. Ke4 Kg7 40. Kf3 Kh6 41. Rd1
Rxd1 42. Bxd1 Bb4 43. Ke4 Be1 44. f4 Bd2 45. Kd3 Bc1 46. Kd4 Bd2 47. a4 Bc1 48.
Bc2 Bd2 49. Kd3 Bc1 50. Ke2 g5 51. Kf3 Kg7 52. fxg5 fxg5 53. Ke4 Kf6 54. Kd4 Ke6
55. Bb3+ Kd6 56. Bd1 Ke6 57. Bf3 Kd6 58. Bb7 Bd2 59. Bc8 Bc1 60. Bf5 Bd2 1/2-1/2

[Event "World Junior Open 2015"]
[Site "Khanty-Mansiysk RUS"]
[Date "2015.09.11"]
[Round "9.5"]
[White "Karthikeyan, Murali"]
[Black "Grigoryan, Karen H."]
[Result "1-0"]
[WhiteTitle "GM"]
[BlackTitle "GM"]
[WhiteElo "2509"]
[BlackElo "2609"]
[WhiteFideId "5074452"]
[BlackFideId "13301004"]
[EventDate "2015.09.02"]

1. e4 c5 2. Nf3 Nc6 3. Bb5 e6 4. Bxc6 bxc6 5. O-O Ne7 6. d3 Ng6 7. Ng5 e5 8. Qh5
Be7 9. f4 Bxg5 10. fxg5 d6 11. Be3 Qd7 12. h3 O-O 13. Nc3 Qe7 14. Rf2 Be6 15. b3
Rfd8 16. Raf1 Rab8 17. Ne2 d5 18. Ng3 c4 19. dxc4 dxc4 20. Nf5 Qa3 21. h4 Rd7
22. Qf3 Qxa2 23. h5 cxb3 24. cxb3 Qxb3 25. Nxg7 Nf4 26. Nxe6 Nxe6 27. Qg3 Nf8
28. Qxe5 Rb5 29. Qg3 Qe6 30. Rf4 a5 31. Qf3 a4 32. Rf6 Qe8 33. Rxc6 a3 34. Ra6
Rb3 35. h6 Ne6 36. Qf2 Qc8 37. Ra4 Qc6 38. Ra5 Qxe4 39. Bc1 Rbd3 40. Rxa3 Rxa3
41. Bxa3 Qd4 42. Qxd4 Rxd4 43. Rb1 Rd8 44. Be7 Re8 45. Rb7 Nf4 46. Kf2 Ng6 47.
Bd6 Rd8 48. Bb4 Re8 49. Bc3 Nf8 50. Kf3 Ng6 51. g3 Nf8 52. Bf6 Ng6 53. Bg7 Ra8
54. Ke4 Re8+ 55. Kd3 Ne7 56. Be5 Ng6 57. Bc7 Nf8 58. Bf4 Ne6 59. Be3 Nf8 60. Bc5
Ng6 61. Kc4 Rd8 62. Kb5 Ne5 63. Bd6 Ng6 64. Kc6 Nf8 65. Be7 Rc8+ 66. Kd6 Ne6 67.
Ra7 Rb8 68. Kd7 Kh8 69. Bd6 Rd8+ 70. Ke7 Kg8 71. Rb7 Ra8 72. Kf6 Rd8 73. Bb4 Ra8
74. g6 hxg6 75. Rxf7 Ra6 76. h7+ Kh8 77. Bc3 Rc6 78. Be5 Ng7+ 79. Kg5 1-0

[Event "World Junior Open 2015"]
[Site "Khanty-Mansiysk RUS"]
[Date "2015.09.11"]
[Round "9.6"]
[White "Van Foreest, Jorden"]
[Black "Loiseau, Quentin"]
[Result "1/2-1/2"]
[WhiteTitle "IM"]
[BlackTitle "IM"]
[WhiteElo "2541"]
[BlackElo "2419"]
[WhiteFideId "1039784"]
[BlackFideId "665274"]
[EventDate "2015.09.02"]

1. e4 e5 2. Nf3 Nc6 3. Bb5 a6 4. Ba4 Nf6 5. O-O Be7 6. d3 b5 7. Bb3 d6 8. a3 O-O
9. Nc3 Nb8 10. Ng5 h6 11. f4 hxg5 12. fxg5 Ng4 13. h3 Bxg5 14. hxg4 Bxc1 15.
Rxc1 Be6 16. Qd2 Nd7 17. g5 c6 18. Kh2 Nc5 1/2-1/2

[Event "World Junior Open 2015"]
[Site "Khanty-Mansiysk RUS"]
[Date "2015.09.11"]
[Round "9.7"]
[White "Georgiadis, Nico"]
[Black "Pichot, Alan"]
[Result "1/2-1/2"]
[WhiteTitle "IM"]
[BlackTitle "IM"]
[WhiteElo "2484"]
[BlackElo "2528"]
[WhiteFideId "1300113"]
[BlackFideId "110973"]
[EventDate "2015.09.02"]

1. e4 c5 2. Nf3 e6 3. d4 cxd4 4. Nxd4 Nf6 5. Nc3 d6 6. g4 h6 7. h4 Nc6 8. Rg1 h5
9. gxh5 Nxh5 10. Bg5 Nf6 11. Qd2 Qb6 12. Nb3 a6 13. O-O-O Qc7 14. f4 Nh7 15. f5
Nxg5 16. hxg5 g6 17. Qf2 Ne5 18. Nd4 Be7 19. f6 Bf8 20. Bd3 Qc5 21. Qg3 Bd7 22.
Nb3 Qb6 23. Rh1 Rxh1 24. Rxh1 O-O-O 25. Kb1 Kb8 26. Rd1 Rc8 27. Be2 Bc6 28. Nd4
Qc7 29. Qe3 b5 30. a4 bxa4 31. Bxa6 Bb7 32. Ndb5 Qc5 33. Qxc5 Rxc5 34. Bxb7 Kxb7
35. Nxd6+ Bxd6 36. Rxd6 a3 37. Rd8 Kc7 38. Rf8 axb2 39. Kxb2 Nc4+ 40. Kb3 Nd6
41. Nd5+ exd5 42. e5 Nf5 43. Rxf7+ Kc6 44. Kb2 Nd4 45. c3 Rb5+ 46. Kc1 Ne6 47.
Re7 Nxg5 48. f7 Nh7 49. Re8 Rb7 50. f8=Q Nxf8 51. Rxf8 Rg7 52. Kd2 g5 53. Ke3 g4
54. Kf2 g3+ 55. Kg2 Rg5 56. e6 Kd6 57. Rf3 1/2-1/2

[Event "World Junior Open 2015"]
[Site "Khanty-Mansiysk RUS"]
[Date "2015.09.11"]
[Round "9.8"]
[White "Bai, Jinshi"]
[Black "Tran, Tuan Minh"]
[Result "0-1"]
[WhiteTitle "IM"]
[BlackTitle "IM"]
[WhiteElo "2519"]
[BlackElo "2417"]
[WhiteFideId "8602280"]
[BlackFideId "12401820"]
[EventDate "2015.09.02"]

1. d4 Nf6 2. c4 e6 3. g3 c5 4. d5 exd5 5. cxd5 b5 6. Nf3 d6 7. e4 a6 8. a4 Nxe4
9. axb5 Be7 10. Bd3 Nf6 11. Nc3 O-O 12. O-O Bb7 13. Re1 axb5 14. Rxa8 Bxa8 15.
Bxb5 Qc7 16. Nh4 Bd8 17. Nf5 Nbd7 18. Bf4 Ne5 19. Bf1 Qd7 20. Bxe5 dxe5 21. Ne3
Ba5 22. Bc4 Bb7 23. Qc2 g6 24. Rd1 Kg7 25. Bb5 Qe7 26. Qa4 Ra8 27. Qh4 Rd8 28.
Qg5 Kf8 29. Bc4 Bxc3 30. bxc3 Ne4 31. Qxe7+ Kxe7 32. Rd3 Ra8 33. Bb3 Ra1+ 34.
Kg2 Bc8 35. Nc4 Bh3+ 36. Kf3 Re1 37. d6+ Kf6 38. g4 Ng5+ 0-1

[Event "World Junior Open 2015"]
[Site "Khanty-Mansiysk RUS"]
[Date "2015.09.11"]
[Round "9.9"]
[White "Laurusas, Tomas"]
[Black "Tari, Aryan"]
[Result "1/2-1/2"]
[WhiteTitle "IM"]
[BlackTitle "IM"]
[WhiteElo "2429"]
[BlackElo "2518"]
[WhiteFideId "12803731"]
[BlackFideId "1510045"]
[EventDate "2015.09.02"]

1. d4 Nf6 2. c4 g6 3. Nc3 d5 4. Nf3 Bg7 5. Bg5 Ne4 6. Bh4 Nxc3 7. bxc3 dxc4 8.
Qa4+ Qd7 9. Qxc4 b6 10. Bg3 c5 11. Be5 Ba6 12. Qb3 O-O 13. Bxg7 Kxg7 14. g3 cxd4
15. cxd4 Nc6 16. Qa4 Rfd8 17. Bg2 Rac8 18. e3 Na5 19. Qxd7 Rxd7 20. Bf1 Bb7 21.
Bg2 Rc2 22. O-O Rdc7 23. Rfd1 R2c3 24. d5 R7c5 25. e4 Nc4 26. Nd4 Nb2 27. Rdb1
Nd3 28. Bf1 Ne5 29. Nb5 Rc2 30. Nd4 R2c3 31. Nb5 Rc2 32. Nd4 1/2-1/2

[Event "World Junior Open 2015"]
[Site "Khanty-Mansiysk RUS"]
[Date "2015.09.11"]
[Round "9.10"]
[White "Johansson, Linus"]
[Black "Cori, Jorge"]
[Result "1-0"]
[WhiteTitle "IM"]
[BlackTitle "GM"]
[WhiteElo "2400"]
[BlackElo "2637"]
[WhiteFideId "1711113"]
[BlackFideId "3802272"]
[EventDate "2015.09.02"]

1. d4 Nf6 2. c4 g6 3. Nc3 Bg7 4. Bg5 h6 5. Bh4 c5 6. e3 cxd4 7. exd4 d5 8. Nf3
g5 9. Bg3 Nc6 10. Be2 O-O 11. h4 g4 12. Ne5 Ne4 13. Bf4 Nxe5 14. Bxe5 Nxc3 15.
bxc3 Bxe5 16. dxe5 Qa5 17. Qd4 dxc4 18. O-O Be6 19. Bxg4 Rad8 20. Qf4 Qxc3 21.
Bxe6 fxe6 22. Qg4+ Kf7 23. Qh5+ Kg7 24. Qg4+ Kf7 25. Qh5+ Kg7 26. Qg4+ Kh7 27.
Qxe6 Qb4 28. Rab1 Qc5 29. Rxb7 Rde8 30. Qd6 1-0

[Event "World Junior Open 2015"]
[Site "Khanty-Mansiysk RUS"]
[Date "2015.09.11"]
[Round "9.12"]
[White "Ali Marandi, Cemil Can"]
[Black "Gordievsky, Dmitry"]
[Result "1/2-1/2"]
[WhiteTitle "IM"]
[BlackTitle "FM"]
[WhiteElo "2422"]
[BlackElo "2511"]
[WhiteFideId "6300529"]
[BlackFideId "24112798"]
[EventDate "2015.09.02"]

1. Nf3 Nf6 2. g3 g6 3. b3 Bg7 4. Bb2 O-O 5. Bg2 d6 6. d4 e5 7. dxe5 Nfd7 8. Nc3
Nxe5 9. Nxe5 Bxe5 10. Qd2 Nc6 11. O-O-O Be6 12. f4 Bg7 13. e4 f5 14. exf5 Bxf5
15. Nd5 Qd7 16. Rde1 Bxb2+ 17. Kxb2 Qg7+ 18. Qc3 Rf7 19. Re3 Nd4 20. Rhe1 c6 21.
Re8+ Rxe8 22. Rxe8+ Rf8 23. Re7 Rf7 24. Re8+ Rf8 25. Re7 Rf7 1/2-1/2

[Event "World Junior Open 2015"]
[Site "Khanty-Mansiysk RUS"]
[Date "2015.09.11"]
[Round "9.13"]
[White "Menezes, Christoph"]
[Black "Yuffa, Daniil"]
[Result "0-1"]
[WhiteTitle "FM"]
[BlackTitle "IM"]
[WhiteElo "2364"]
[BlackElo "2476"]
[WhiteFideId "1617001"]
[BlackFideId "24131423"]
[EventDate "2015.09.02"]

1. d4 Nf6 2. c4 g6 3. Nc3 Bg7 4. e4 d6 5. Nf3 O-O 6. Be2 e5 7. d5 a5 8. Bg5 h6
9. Be3 Ng4 10. Bc1 Na6 11. g3 Nc5 12. O-O Nf6 13. Qc2 Nh7 14. Nh4 Ng5 15. Kh1
Nh3 16. Be3 Nf4 17. Bd1 c6 18. Nf3 Nh3 19. Qd2 cxd5 20. cxd5 b6 21. Bc2 Qf6 22.
Kg2 g5 23. a3 a4 24. Bxc5 bxc5 25. Nxa4 Rb8 26. Ne1 Qg6 27. f3 h5 28. b4 cxb4
29. Rb1 g4 30. fxg4 Bxg4 31. Rxb4 Bh6 32. Qc3 Rbc8 33. Qb3 Bd2 34. Rb7 Ng5 35.
Rg1 Qf6 36. Bd1 Bh3+ 37. Kh1 Nxe4 38. Nd3 Be3 0-1

[Event "World Junior Open 2015"]
[Site "Khanty-Mansiysk RUS"]
[Date "2015.09.11"]
[Round "9.14"]
[White "Sunilduth Lyna, Narayanan"]
[Black "Gagare, Shardul"]
[Result "1/2-1/2"]
[WhiteTitle "IM"]
[BlackTitle "IM"]
[WhiteElo "2473"]
[BlackElo "2469"]
[WhiteFideId "5058422"]
[BlackFideId "5037883"]
[EventDate "2015.09.02"]

1. d4 Nf6 2. c4 g6 3. g3 Bg7 4. Bg2 O-O 5. Nc3 d6 6. Nf3 Nbd7 7. O-O e5 8. b3
Re8 9. e4 exd4 10. Nxd4 Nc5 11. f3 c6 12. Be3 Ncd7 13. Qd2 d5 14. exd5 cxd5 15.
Ndb5 a6 16. Na3 Rxe3 17. Qxe3 d4 18. Qxd4 Bf8 19. Rad1 Bxa3 20. Kh1 Qa5 21. Ne4
Be7 22. Rfe1 1/2-1/2

[Event "World Junior Open 2015"]
[Site "Khanty-Mansiysk RUS"]
[Date "2015.09.11"]
[Round "9.15"]
[White "Carneiro, Vitor Roberto Castro"]
[Black "Sanal, Vahap"]
[Result "0-1"]
[WhiteTitle "CM"]
[BlackTitle "IM"]
[WhiteElo "2405"]
[BlackElo "2522"]
[WhiteFideId "2130106"]
[BlackFideId "6300545"]
[EventDate "2015.09.02"]

1. Nf3 g6 2. c4 Bg7 3. Nc3 d6 4. d4 e5 5. e4 exd4 6. Nxd4 Ne7 7. Be2 Nbc6 8. Be3
O-O 9. Qd2 f5 10. Nxc6 bxc6 11. Bd4 c5 12. Bxg7 Kxg7 13. O-O-O Bb7 14. e5 Nc6
15. exd6 Nd4 16. dxc7 Qxc7 17. Nb5 Nxe2+ 18. Qxe2 Qf4+ 19. Kb1 Bxg2 20. Rhe1
Rae8 21. Qxe8 Rxe8 22. Rxe8 Bf3 23. Rde1 Be4+ 24. Ka1 Qd2 25. Rg1 Kf7 26. Rc8
Qxf2 27. Rd1 Bc2 28. Rd7+ Kf6 29. b3 Bd3 30. Rxc5 Qc2 31. Rc6+ Kg5 32. h4+ Kh6 0-1

[Event "World Junior Open 2015"]
[Site "Khanty-Mansiysk RUS"]
[Date "2015.09.11"]
[Round "9.16"]
[White "Barbot, Pierre1"]
[Black "Vokhidov, Shamsiddin"]
[Result "1-0"]
[WhiteTitle "FM"]
[WhiteElo "2455"]
[BlackElo "2292"]
[WhiteFideId "663727"]
[BlackFideId "14204223"]
[EventDate "2015.09.02"]

1. Nf3 c5 2. c4 Nc6 3. Nc3 Nf6 4. e3 d5 5. cxd5 Nxd5 6. Qb3 Ndb4 7. Bc4 e6 8.
O-O Be7 9. a3 Nd3 10. Ne4 Nde5 11. Nxe5 Nxe5 12. Bb5+ Nd7 13. d4 cxd4 14. exd4
O-O 15. Qg3 Nf6 16. Bh6 Nh5 17. Qf3 Qd5 18. Bg5 Bxg5 19. Qxh5 Qxe4 20. Qxg5 a6
21. Rfe1 Qxd4 22. Be2 f6 23. Qh5 g6 24. Qh6 b5 25. Rac1 Ra7 26. Rc3 Re7 27. Bf3
b4 28. axb4 Qxb4 29. Qc1 Qb8 30. Rc6 Kg7 31. h4 e5 32. h5 gxh5 33. Bxh5 Bb7 34.
Rc3 Kh8 35. Bf3 Rg7 36. Rb3 Rfg8 37. g3 Qa7 38. Qe3 Bxf3 39. Qxf3 Rg6 40. Kg2
Rb8 41. Ree3 Rxb3 42. Rxb3 Qf7 43. Rb8+ Rg8 44. Rb6 f5 45. Rxa6 f4 46. Ra8 Rxa8
47. Qxa8+ Kg7 48. Qe4 Qf6 49. gxf4 exf4 50. b4 Qh4 51. Kf3 h5 52. Qxf4 Qh1+ 53.
Kg3 Kg6 54. Qd6+ Kf5 55. Qd3+ Kg5 56. Qe3+ Kg6 57. Qe6+ Kg7 58. Qe7+ Kg6 59.
Qe6+ Kg7 60. Qh3 Qe1 61. Qd7+ Kg6 62. Qd3+ Kf6 63. Qd4+ Kg6 64. b5 Qg1+ 65. Kf3
Qh1+ 66. Ke2 h4 67. Qg4+ Kh6 68. Qf4+ Kg6 69. Qg4+ Kh6 70. b6 h3 71. Qf3 Qh2 72.
b7 Kg6 73. Kf1 Kh7 74. Qf7+ Kh6 75. Qf8+ Kh7 76. b8=Q Qg2+ 77. Ke2 Qe4+ 78. Kd2
Qd4+ 79. Kc2 Qc4+ 80. Kb2 Qd4+ 81. Ka2 Qa4+ 82. Qa3 Qc2+ 83. Qbb2 Qc4+ 84. Qab3
Qa6+ 85. Kb1 Qf1+ 86. Qc1 1-0

[Event "World Junior Open 2015"]
[Site "Khanty-Mansiysk RUS"]
[Date "2015.09.11"]
[Round "9.17"]
[White "Leiva, Giuseppe"]
[Black "Saiyn, Zhanat"]
[Result "1/2-1/2"]
[WhiteTitle "IM"]
[BlackTitle "IM"]
[WhiteElo "2400"]
[BlackElo "2413"]
[WhiteFideId "3804399"]
[BlackFideId "13703820"]
[EventDate "2015.09.02"]

1. c4 e5 2. Nc3 Nf6 3. Nf3 Nc6 4. a3 d5 5. cxd5 Nxd5 6. Qc2 Be7 7. e3 O-O 8. b4
Nxc3 9. dxc3 Be6 10. e4 f6 11. Be2 a5 12. Bb2 Qe8 13. O-O Qf7 14. Qd2 Rfd8 15.
Qe3 Nb8 16. Rfd1 Nd7 17. Bb5 Nb6 18. Rxd8+ Rxd8 19. Nd2 Nc4 20. Nxc4 Bxc4 21.
Ba4 Rd3 22. Qe1 c5 23. Rd1 Rxd1 24. Bxd1 Qe6 25. Qd2 Qc6 26. Bc2 Qb6 27. Qe3
axb4 28. cxb4 Qb5 29. Bb3 Kf8 30. Bxc4 Qxc4 31. bxc5 Bxc5 32. Qc1 b5 33. Qxc4
bxc4 34. Kf1 Ke7 35. a4 Bb4 36. Bc1 Kd6 37. Ke2 Kc6 38. Bd2 Kc5 39. Be3+ Kc6 40.
f3 Kb7 41. Bd2 c3 42. Be3 Ka6 43. Kd3 Ka5 44. Kc2 Kxa4 45. Bf2 Kb5 46. Kb3 h5
47. h3 Bc5 48. Be1 Bd4 49. g4 hxg4 50. hxg4 Kc5 51. Bh4 Kc6 52. Be1 Kd6 53. Bh4
Ke6 54. Kc2 g6 55. Be1 Kf7 56. Bxc3 Be3 57. Kd3 Bf4 1/2-1/2

[Event "World Junior Open 2015"]
[Site "Khanty-Mansiysk RUS"]
[Date "2015.09.11"]
[Round "9.18"]
[White "Korchmar, Vasiliy"]
[Black "Ratkovic, Miloje"]
[Result "1/2-1/2"]
[WhiteTitle "IM"]
[WhiteElo "2409"]
[BlackElo "2388"]
[WhiteFideId "24131750"]
[BlackFideId "914517"]
[EventDate "2015.09.02"]

1. c4 e5 2. Nc3 c5 3. g3 Nc6 4. Bg2 g6 5. a3 a5 6. e3 Bg7 7. Nge2 Nge7 8. O-O d6
9. d3 O-O 10. Bd2 Be6 11. Nd5 Rb8 12. Nec3 f5 13. Rb1 Kh8 14. Qe2 g5 15. b4 axb4
16. axb4 cxb4 17. Nxb4 f4 18. Nbd5 Ng6 19. Bf3 Bh3 20. Rfc1 Qd7 21. Nb6 Qf5 22.
Be4 Qe6 23. Qh5 Bg4 24. Bd5 Qxd5 25. Qxg4 Qxd3 26. Rd1 e4 27. Be1 Qc2 28. Rdc1
Qd3 29. Rd1 Nce5 30. Rxd3 Nxg4 31. Nxe4 N6e5 32. Rdb3 fxe3 33. fxe3 Nf3+ 34. Kg2
Rbe8 35. h3 Rxe4 36. hxg4 Rxg4 37. Nd7 Nxe1+ 38. Rxe1 Re8 39. c5 dxc5 40. Nxc5
Be5 41. e4 h5 42. Nd7 h4 43. Nxe5 Rxe5 44. Rxb7 Rxg3+ 45. Kh2 g4 46. Rd1 Rh3+
47. Kg2 Rg3+ 48. Kh2 Rh3+ 49. Kg2 Rg3+ 1/2-1/2

[Event "World Junior Open 2015"]
[Site "Khanty-Mansiysk RUS"]
[Date "2015.09.11"]
[Round "9.19"]
[White "Van Laeken, Jonathan"]
[Black "Iskandarov, Misratdin"]
[Result "0-1"]
[BlackTitle "IM"]
[WhiteElo "1866"]
[BlackElo "2405"]
[WhiteFideId "228567"]
[BlackFideId "13400312"]
[EventDate "2015.09.02"]

1. d4 g6 2. c4 Bg7 3. Nc3 c5 4. d5 d6 5. e4 Nf6 6. f3 O-O 7. Bg5 h6 8. Be3 e6 9.
Qd2 exd5 10. cxd5 Kh7 11. Nge2 Nbd7 12. Ng3 a6 13. a4 Qa5 14. Ra3 Ne5 15. Be2
Bd7 16. O-O Rae8 17. Nh1 g5 18. g4 Ng6 19. Ng3 Ng8 20. Qc2 Be5 21. Bd2 Qd8 22.
Bd3 Nf4 23. Nce2 Ne7 24. Nxf4 gxf4 25. Ne2 Ng6 26. Rf2 Qh4 27. Kf1 h5 28. gxh5
Qxh5 29. Qc1 Qh4 30. a5 Rg8 31. Bc3 Bxc3 32. Nxc3 Ne5 33. Qd1 Bh3+ 34. Ke1 Rg1+ 0-1

[Event "World Junior Open 2015"]
[Site "Khanty-Mansiysk RUS"]
[Date "2015.09.11"]
[Round "9.20"]
[White "Arat, Ufuk Sezen"]
[Black "Megalios, Konstantinos"]
[Result "1-0"]
[WhiteTitle "FM"]
[WhiteElo "2441"]
[BlackElo "2242"]
[WhiteFideId "6309089"]
[BlackFideId "4238044"]
[EventDate "2015.09.02"]

1. Nf3 Nf6 2. g3 d5 3. Bg2 c6 4. O-O Bg4 5. d3 Nbd7 6. Nbd2 e5 7. h3 Bh5 8. Nh4
Bc5 9. c4 O-O 10. g4 Bg6 11. Nxg6 hxg6 12. cxd5 Nxd5 13. Ne4 Bb6 14. e3 Qe7 15.
Qb3 Rfd8 16. Bd2 Nc5 17. Nxc5 Bxc5 18. Rfd1 Rd7 19. Rac1 Rad8 20. a3 g5 21. Qc2
Bb6 22. b4 a6 23. Qb3 g6 24. a4 Nc7 25. Be1 Kg7 26. Be4 Qe6 27. Qxe6 Nxe6 28.
Kf1 Nc7 29. Ke2 Ne8 30. Bc3 f6 31. Rb1 Nd6 32. Bg2 Kf7 33. Rh1 Rh8 34. Rb3 Ke6
35. Bb2 Rdd8 36. Ba3 Rh7 37. Rc1 Rc7 38. Kf3 Rcd7 39. Kg3 Rc7 40. h4 gxh4+ 41.
Kxh4 Nf5+ 42. gxf5+ gxf5 43. Kg3 Rg7+ 44. Kf3 e4+ 45. dxe4 fxe4+ 46. Kxe4 Rxg2
47. Kf3 Rh2 48. Rc2 Rd5 49. Rbb2 Rd3 50. Ra2 Bxe3 51. Re2 Rxf2+ 52. Rxf2 Bxf2+
53. Kxf2 Kd5 54. Bc1 Kc4 55. Bd2 Kb3 56. Ke2 Rh3 57. Ra1 b6 58. a5 Rh2+ 59. Kd3
Rh3+ 60. Ke4 Rh4+ 61. Kd3 Rh3+ 62. Be3 bxa5 63. bxa5 c5 64. Rb1+ Ka4 65. Re1
Kxa5 66. Kc4 Kb6 67. Bxc5+ Kc7 68. Re7+ Kd8 69. Rf7 Rh5 70. Rxf6 Kd7 71. Rxa6
Kc7 72. Kb5 Kd7 73. Rd6+ Ke8 74. Rf6 Kd7 75. Kc4 Rh1 76. Bd4 Rh5 77. Be3 Re5 78.
Bf4 Rh5 79. Kd4 Ra5 80. Bd6 Ra6 81. Kd5 Ra1 82. Rf7+ Kc8 83. Rc7+ Kd8 84. Rb7
Kc8 85. Rc7+ Kd8 86. Rf7 Kc8 87. Bc5 Ra2 88. Kc6 Rd2 89. Rf1 Rd3 90. Bb4 Rd4 91.
Bd6 Rc4+ 92. Bc5 1-0